Normal view
MARC view
- الغزنوي، أحمد بن محمد بن نوح ؛ دراسة وتحقيق محمد طعمة القضاة
Entry Personal Name
001 - CONTROL NUMBER
- control field: 45538
003 - CONTROL NUMBER IDENTIFIER
- control field: JO-AjAnu
005 - DATE AND TIME OF LATEST TRANSACTION
- control field: 20230606081531.0
008 - FIXED-LENGTH DATA ELEMENTS
- fixed length control field: 230606|| aca||aabn | a|a d
040 ## - CATALOGING SOURCE
- Original cataloging agency: JO-AjAnu
- Transcribing agency: JO-AjAnu
100 ## - HEADING--PERSONAL NAME
- Personal name: الغزنوي، أحمد بن محمد بن نوح ؛ دراسة وتحقيق محمد طعمة القضاة
670 ## - SOURCE DATA FOUND
- Source citation: Work cat.: (JO-AjAnu)23316: الغزنوي، أحمد بن محمد بن نوح ؛ دراسة وتحقيق محمد طعمة القضاة, author, العقيدة الغزنوية رسالة في أصول الإعتقاد